Curso básico de economía /
Guardado en:
| Autor Principal: | |
|---|---|
| Formato: | Libro |
| Publicado: |
Madrid :
Aguilar,
1968
|
| Materias: | |
| Etiquetas: |
Agregar Etiqueta
Sin Etiquetas, Sea el primero en etiquetar este registro!
|
| LEADER | 01146nam a22002055a 4500 | ||
|---|---|---|---|
| 001 | CEM.cems004260 | ||
| 005 | 20060216000000.0 | ||
| 008 | 130507s1968##################000#0#####d | ||
| 003 | CEMS | ||
| 082 | 0 | 4 | |a 330.9 |
| 100 | 1 | |a Mcconnell, Campbell | |
| 245 | 1 | 0 | |a Curso básico de economía / |
| 260 | |a Madrid : |b Aguilar, |c 1968 | ||
| 300 | |a 1117 p. | ||
| 505 | 0 | |a Geografía política y económica mundial: ubicación dentro de la ciencia geografica, definición, hechos economicos y politicos; Hechos economicos y sus factores: naturaleza; población; estructura histórico-cultural, económica y política; El mundo economico y politico actual: sistemas economicos; desarrollo y crecimiento economico; Organización política; Paises de ec. capitalista y de ec. colectivista; Población: distribución, dinamismo, estadisticas, mortalidad fetal; Fuentes de energia, Producción de uranio, centrles hidroelectricas y nucleares; Comercio interior y exterior, analísis | |
| 653 | |a Capitalismo | ||
| 653 | |a Capitalismo-estados unidos | ||
| 653 | |a Economia | ||
| 653 | |a Sistemas economicos | ||
| 859 | |a CEMS |b BIB. CEMS - 11 de abril |h 330.9 |i M134 |p 677.73 |t Ej.1 | ||
